[Event "Ivrea Eporediese op 32nd"]
[Site "Ivrea"]
[Date "2015.02.12"]
[Round "3"]
[White "Grosso, Giacomo"]
[Black "Orlandi, Alessandro"]
[Result "1-0"]
[WhiteElo "1324"]
[BlackElo "1476"]
[PlyCount "109"]
[EventDate "2015.02.05"]
[EventType "swiss"]
[EventRounds "9"]
[EventCountry "ITA"]
[SourceTitle "EXT 2017"]
[Source "ChessBase"]
[SourceDate "2016.10.25"]
[SourceVersion "1"]
[SourceVersionDate "2016.10.25"]
[SourceQuality "1"]

1. d4 Nf6 2. c4 g6 3. Nc3 Bg7 4. e4 d6 5. f4 0-0 6. Be2 c5 7. d5 Qa5 8. Nf3 Nxe4 9. Qc2 Nxc3 10. Bd2 Bd7 11. Bxc3 Bxc3+ 12. Qxc3 Qxc3+ 13. bxc3 Bg4 14. 0-0 Nd7 15. h3 Bxf3 16. Bxf3 Nb6 17. Rab1 Nxc4 18. Rxb7 Rfe8 19. Re1 Kf8 20. Be2 Ne3 21. Bb5 Reb8 22. Bc6 Rxb7 23. Bxb7 Rb8 24. Rxe3 Rxb7 25. c4 Rb2 26. Ra3 Rc2 27. Ra4 Ke8 28. Kf1 Kd8 29. g3 Kc8 30. Ke1 Kb7 31. Ra3 Rxc4 32. Kd2 Rd4+ 33. Rd3 Rxd3+ 34. Kxd3 Kb6 35. Kc4 a5 36. a4 f5 37. h4 h5 38. Kc3 Kc7 39. Kc4 Kd7 40. Kb5 e6 41. dxe6+ Kxe6 42. Kxa5 c4 43. Kb4 c3 44. Kxc3 Kd5 45. Kd3 Kc5 46. Kc3 d5 47. a5 Kb5 48. Kd4 Kxa5 49. Kxd5 Kb4 50. Ke6 Kc4 51. Kf6 Kd4 52. Kxg6 Ke4 53. Kxh5 Kf3 54. Kg5 Kxg3 55. h5 1-0